00585nam a2200157Ia 4500008004100000082002000041100001900061245006800080260006800148300001000216630001800226650003900244942000900283952011800292999001700410211109s9999||||xx |||||||||||||| ||und|| a330.0151bARC-A aArchibals, G C 3aAn Introd: To A Mathematical Treatment Of Economics 3rd Edition bAll India Institute of General Knowledge EducationaDelhic1987 a523p. xGENERAL STACK aSOCIAL SCIENCEvECONOMICSEconomics cBOOK 00104070aSBCLbSBCLc2d2021-11-09g100.00l0o330.0151 ARC-Ap00080852r2021-11-09 00:00:00w2021-11-09yBOOK c39311d39311